Micromicetos varios de España y de Cerdaña / (Record no. 174377)

MARC details
000 -LEADER
campo de control de longitud fija 00912namaa2200217 i 4500
001 - NÚMERO DE CONTROL
campo de control 174377
003 - IDENTIFICADOR DE NÚMERO DE CONTROL
campo de control ES-MaACL
005 - FECHA Y HORA DE LA ÚLTIMA TRANSACCIÓN
campo de control 20230906215517.0
008 - DATOS DE LONGITUD FIJA--INFORMACIÓN GENERAL
campo de control de longitud fija 100412s1916 sp | |||| ||spa d
080 ## - NÚMERO DE LA CLASIFICACIÓN DECIMAL UNIVERSAL
Número de la Clasificación Decimal Universal 582.28(460)
100 1# - ENTRADA PRINCIPAL--NOMBRE DE PERSONA
Nombre de persona González Fragoso, Romualdo.
9 (RLIN) 58637
245 10 - MENCIÓN DEL TÍTULO
Título Micromicetos varios de España y de Cerdaña /
Mención de responsabilidad, etc. por Romualdo González Fragoso.
260 ## - PUBLICACIÓN, DISTRIBUCIÓN, ETC.
Lugar de publicación, distribución, etc. Madrid :
Nombre del editor, distribuidor, etc. Junta para Ampliación de Estudios e Investigaciones Científicas,
Fecha de publicación, distribución, etc. 1916.
300 ## - DESCRIPCIÓN FÍSICA
Extensión 115 p. :
Otras características físicas il. ;
Dimensiones 23 cm.
490 1# - MENCIÓN DE SERIE
Mención de serie Trabajos del Museo Nacional de Ciencias Naturales. Serie botánica ;
Designación de volumen o secuencia 9
650 #4 - PUNTO DE ACCESO ADICIONAL DE MATERIA--TÉRMINO DE MATERIA
Término de materia o nombre geográfico como elemento de entrada Microhongos-
Subdivisión geográfica España.
9 (RLIN) 142484
710 2# - ENTRADA AGREGADA--NOMBRE DE ENTIDAD CORPORATIVA
Nombre de entidad corporativa o nombre de jurisdicción como elemento de entrada Junta para la Ampliación de Estudios e Investigaciones Científicas.
9 (RLIN) 5413
830 1# - PUNTO DE ACCESO ADICIONAL DE SERIE-TÍTULO UNIFORME
Título uniforme Trabajos del Museo Nacional de Ciencias Naturales. Serie botánica ;
Designación de volumen o secuencia 9
9 (RLIN) 189324
852 4# - LOCALIZACIÓN
Ubicación ES-MaACL
Número de control de estantería B-13137(2)
Nota libre - Enc. con otras obras
Holdings
Estatus retirado Estado de pérdida Estado de daño No para préstamo Biblioteca de origen Biblioteca actual Ubicación en estantería Fecha de adquisición Fuente de adquisición Total de préstamos Signatura topográfica completa Código de barras Visto por última vez Precio de reemplazo Tipo de ítem Koha
        Biblioteca del Ateneo de Madrid Biblioteca del Ateneo de Madrid Sala Pardo Bazán 12/04/2010     B-13137(2) 1183033 23/02/2023 23/02/2023 Libro impreso